header

Tropical and subtropical fruits (Record no. 67568)

MARC details
000 -LEADER
fixed length control field 01674nam a2200349 a 4500
082 04 - DEWEY DECIMAL CLASSIFICATION NUMBER
Classification number 664/.8046
245 00 - TITLE STATEMENT
Title Tropical and subtropical fruits
260 ## - PUBLICATION, DISTRIBUTION, ETC. (IMPRINT)
Place of publication Ames, Iowa :
Name of publisher Wiley-Blackwell,
Year of publication 2012.
300 ## - PHYSICAL DESCRIPTION
Number of Pages xiii, 631 p., [16] p. of plates :
Other physical details ill. (some col.)
505 0# - FORMATTED CONTENTS NOTE
Formatted contents note pt. 1. Overview, innovative technologies and quality management -- pt. 2. Tropical fruits -- pt. 3. Subtropical fruits-citrus group -- pt. 4. Subtropical fruits-noncitrus group -- pt. 5. Lesser known tropical and subtropical fruits.
650 #0 - SUBJECT ADDED ENTRY--TOPICAL TERM
Topical Term Tropical fruit
700 1# - ADDED ENTRY--PERSONAL NAME
Personal name Siddiq, Muhammad,
Personal name Ahmed, Jasim.
Personal name Lobo, Maria Gloria.
Personal name Ozadali, Ferhan.
856 40 - ELECTRONIC LOCATION AND ACCESS
Uniform Resource Identifier http://site.ebrary.com/lib/rucke/Doc?id=10626267

No items available.

© 2026 Rongo University
Contact us: librarian | system librarian | Rongo university